General studies paper I and II topic wise 20 years solved papers : (Record no. 103081)

MARC details
000 -LEADER
fixed length control field 00754nam a22002177a 4500
005 - DATE AND TIME OF LATEST TRANSACTION
control field 20160907143112.0
010 ## - LCCN (DPL NO)
LC control number ENG-115952
020 ## - INTERNATIONAL STANDARD BOOK NUMBER
International Standard Book Number 9789350356616
Terms of availability 425.00
035 ## - SYSTEM CONTROL NUMBER
System control number EN-99484
037 ## - SOURCE OF ACQUISITION
Source of stock number/acquisition DBAD/PUB
082 ## - DEWEY DECIMAL CLASSIFICATION NUMBER
Classification number 000
100 ## - MAIN ENTRY--PERSONAL NAME
Personal name Sheelwant Singh
245 ## - TITLE STATEMENT
Title General studies paper I and II topic wise 20 years solved papers :
Statement of responsibility, etc by Sheelwant Singh [and] Sarika
Remainder of title for civil service (preliminary) examination /
250 ## - EDITION STATEMENT
Edition statement Rev. ed.
260 ## - PUBLICATION, DISTRIBUTION, ETC. (IMPRINT)
Place of publication, distribution, etc Gurgaon
Name of publisher, distributor, etc LexisNexis
Date of publication, distribution, etc 2016
270 ## - ADDRESS
Address 14th Floor, Building No.10, Tower-B, DLF Cyber City, Phase-II
City Gurgaon (Haryana)
Postal code 122002
300 ## - PHYSICAL DESCRIPTION
Extent Various Pagings
Dimensions 27cm(pbk)
490 ## - SERIES STATEMENT
Series statement CATAPULT test prep series
700 ## - ADDED ENTRY--PERSONAL NAME
Personal name Sarika
942 ## - ADDED ENTRY ELEMENTS (KOHA)
Source of classification or shelving scheme Dewey Decimal Classification
Item type English Books
Call number suffix RAS
Classification part 000
Holdings
Withdrawn status Lost status Not for loan Collection code Home library Current library Date acquired Source of acquisition Cost, normal purchase price Full call number Barcode Copy number Cost, replacement price Koha item type
      Non-fiction Patel Nagar Patel Nagar 07/09/2016 DBAD/PUB 425.00 000 RAS EN-99484 1 425.00 English Books

© Delhi Public Library
Hit Counter
free hit counter